Normal view
MARC view
- Finance
Entry Topical Term
001 - CONTROL NUMBER
- control field: 41742
003 - CONTROL NUMBER IDENTIFIER
- control field: OSt
005 - DATE AND TIME OF LATEST TRANSACTION
- control field: 20200229134530.0
008 - FIXED-LENGTH DATA ELEMENTS
- fixed length control field: 200229|| aca||aabn | a|a d
040 ## - CATALOGING SOURCE
- Original cataloging agency: OSt
- Transcribing agency: OSt
150 ## - HEADING--TOPICAL TERM
- Topical term or geographic name entry element: Finance
- General subdivision: Corporate management.
670 ## - SOURCE DATA FOUND
- Source citation: Work cat.: (OSt)14510: 40105 Lee, Edward., Off-shoring and out-sourcing for shareholder value: , ©Mar 2012-Sept 2015.
